Southville International School and Colleges
Your cart is empty.
  • Cart
  • Lists
    Public lists list_1 View all
    Your lists Log in to create your own lists
  • Log in to your account
  • Your cookies
  • Search history
Southville International School and Colleges
  • Advanced search
  • Recent comments
  • Most popular
  • Libraries

Log in to your account

Log in with GOOGLE


If you do not have an external account, but do have a local account, you can still log in:

  1. Home
  2. MARC view: Abnormal Psychology /
Normal view MARC view ISBD view

Abnormal Psychology / (Record no. 22621)

[ view plain ]
MARC details
000 -LEADER
fixed length control field 00614nam a2200229 a 4500
005 - DATE AND TIME OF LATEST TRANSACTION
control field 20140310183424.0
008 - FIXED-LENGTH DATA ELEMENTS--GENERAL INFORMATION
fixed length control field 070925s19uu xx 00 eng d
020 ## - INTERNATIONAL STANDARD BOOK NUMBER
International Standard Book Number 9780471692386
050 ## - LIBRARY OF CONGRESS CALL NUMBER
Classification number RC 454
Item number .Ab153 2007
245 ## - TITLE STATEMENT
Title Abnormal Psychology /
250 ## - EDITION STATEMENT
Edition statement 10th ed.
260 ## - PUBLICATION, DISTRIBUTION, ETC. (IMPRINT)
Place of publication, distribution, etc U.S.A :
Name of publisher, distributor, etc John Wiley and Sons,
Date of publication, distribution, etc 2007.
300 ## - PHYSICAL DESCRIPTION
Extent S-16, 601 p. :
Other physical details col. ill. ;
Dimensions 28 cm.
521 ## - TARGET AUDIENCE NOTE
Target audience note
650 ## - SUBJECT ADDED ENTRY--TOPICAL TERM
Topical term or geographic name as entry element Psychology, Pathological.
650 ## - SUBJECT ADDED ENTRY--TOPICAL TERM
Topical term or geographic name as entry element Psychiatry.
700 ## - ADDED ENTRY--PERSONAL NAME
Personal name Davison, Gerald C.
700 ## - ADDED ENTRY--PERSONAL NAME
Personal name Neale, John M.
700 ## - ADDED ENTRY--PERSONAL NAME
Personal name Johnson, Sheri L.
942 ## - ADDED ENTRY ELEMENTS (KOHA)
Koha item type Books
Source of classification or shelving scheme Library of Congress Classification
Call number prefix Foreign
Holdings
Withdrawn status Lost status Source of classification or shelving scheme Damaged status Home library Current library Shelving location Date acquired Source of acquisition Cost, normal purchase price Total Checkouts Full call number Barcode Date last seen Copy number Price effective from Koha item type
    Library of Congress Classification   College Library College Library General Circulation Section 09/30/2010 Donation 1999.00   RC 454 .Ab153 2007 C8783 05/15/2018 1 10/18/2013 Books

Abnormal Psychology /

APA

Davison G. C., Neale J. M. & Johnson S. L. (2007). Abnormal Psychology. U.S.A: John Wiley and Sons.

Chicago

Davison Gerald C, Neale John M and Johnson Sheri L. 2007. Abnormal Psychology. U.S.A: John Wiley and Sons.

Harvard

Davison G. C., Neale J. M. and Johnson S. L. (2007). Abnormal Psychology. U.S.A: John Wiley and Sons.

MLA

Davison Gerald C, Neale John M and Johnson Sheri L. Abnormal Psychology. U.S.A: John Wiley and Sons. 2007.

  • Place hold
  • Print
  • Cite
  • Add to your cart (remove)
  • Save record
    BIBTEX Dublin Core MARCXML MARC (non-Unicode/MARC-8) MARC (Unicode/UTF-8) MARC (Unicode/UTF-8, Standard) MODS (XML) RIS
  • More searches
    Search for this title in:
    Other Libraries (WorldCat) Other Databases (Google Scholar) Online Stores (Bookfinder.com) Open Library (openlibrary.org)

Exporting to Dublin Core...

SOUTHVILLE LIBRARY

Southville International School and Colleges Library

1281 Tropical Ave. Cor. Luxembourg St., BF Homes International, Las Pinas City

Tel. No. 8256374 / 252358 Loc. 117/146

Powered by Koha